=LDR 00000nam 2200000 4500 =001 INLIS000000000027690 =005 20130612130038 =008 ***********************************ind** =035 ##$$0010-061300000027690 =041 ##$$a ind =082 ##$$a 728.054 =090 ##$$a 728.054, PER p =245 ##$$a Percantik interior dengan cat dekoratif, 10 variasi dekoratif colour washing, combing, dragging, ragging, frottoge, spattering, sponging, stippling, dry brushing, roller fidgeting, Harry Gun ...[at.al]; editor, Hotmian Siahaan =250 ##$$a Serial Rumah =260 ##$$a 2007 $b [s.l] =300 ##$$a 64 hlm., ilus., 28 cm =650 ##$$a Rumah Tinggal =650 ##$$a Cat Dekoratif - Majalah =700 ##$$a Gun, Harry =850 ##$$a NBPNMAT